000 00294nam a22001337a 4500
008 170503b xxu||||| |||| 00| 0 eng d
020 _a9780072961164
041 _aeng
080 _24 ED
_a343.9
100 _a13
101 _aSHJ
245 _aCRIMINAL JUSTICE
_cBOHM.R.,
942 _2udc
_cBK
999 _c12552
_d12552